[Event "DEM U14w 2024"]
[Site "Willingen GER"]
[Date "2024.05.21"]
[Round "4"]
[White "Schwarzfischer, Julia"]
[Black "Czäczine, Paula"]
[Result "1-0"]
[Termination "normal"]
[Board "1"]
[WhiteElo "1767"]
[BlackElo "1808"]
[WhiteClock "01:07:23"]
[BlackClock "00:03:17"]
[PlyCount "123"]
[WhiteFideId "16268105"]
[BlackFideId "16249305"]
[EventCountry "GER"]
[EventRounds "9"]
[EventType "swiss"]
[EventDate "2024.05.18"]

1. e4 {[%clk 01:30:59]} e5 {[%clk 01:30:55]} {[%emt 00:00:06]} 2. Nf3 {[%clk
01:31:25]} {[%emt 00:00:03]} Nc6 {[%clk 01:31:21]} {[%emt 00:00:04]} 3. Bc4
{[%clk 01:31:50]} {[%emt 00:00:05]} Bc5 {[%clk 01:31:46]} {[%emt 00:00:05]} 4.
c3 {[%clk 01:32:05]} {[%emt 00:00:15]} Nf6 {[%clk 01:32:07]} {[%emt 00:00:09]}
5. d3 {[%clk 01:32:31]} {[%emt 00:00:04]} O-O {[%clk 01:32:19]} {[%emt
00:00:18]} 6. b4 {[%clk 01:32:09]} {[%emt 00:00:52]} Be7 {[%clk 01:31:00]}
{[%emt 00:01:49]} 7. O-O {[%clk 01:31:30]} {[%emt 00:01:09]} d5 {[%clk
01:29:50]} {[%emt 00:01:41]} 8. exd5 {[%clk 01:31:40]} {[%emt 00:00:20]} Nxd5
{[%clk 01:30:11]} {[%emt 00:00:09]} 9. h3 {[%clk 01:29:27]} {[%emt 00:02:43]}
Nb6 {[%clk 01:22:43]} {[%emt 00:07:58]} 10. Bb3 {[%clk 01:27:15]} {[%emt
00:02:41]} Kh8 {[%clk 01:18:23]} {[%emt 00:04:51]} 11. b5 {[%clk 01:26:11]}
{[%emt 00:01:34]} Na5 {[%clk 01:18:02]} {[%emt 00:00:51]} 12. Nxe5 {[%clk
01:25:40]} {[%emt 00:01:01]} Nxb3 {[%clk 01:18:12]} {[%emt 00:00:20]} 13. Qxb3
{[%clk 01:23:21]} {[%emt 00:02:49]} Qd5 {[%clk 01:11:10]} {[%emt 00:07:31]} 14.
Qxd5 {[%clk 01:23:13]} {[%emt 00:00:38]} Nxd5 {[%clk 01:11:35]} {[%emt
00:00:06]} 15. c4 {[%clk 01:21:23]} {[%emt 00:02:20]} Bf6 {[%clk 01:02:35]}
{[%emt 00:09:29]} 16. d4 {[%clk 01:18:14]} {[%emt 00:03:38]} Nb6 {[%clk
00:55:53]} {[%emt 00:07:12]} 17. Nd2 {[%clk 01:14:22]} {[%emt 00:04:23]} Be6
{[%clk 00:50:22]} {[%emt 00:06:00]} 18. Re1 {[%clk 01:05:47]} {[%emt 00:09:05]}
Bxe5 {[%clk 00:35:42]} {[%emt 00:15:10]} 19. Rxe5 {[%clk 01:03:39]} {[%emt
00:02:39]} c6 {[%clk 00:29:37]} {[%emt 00:06:35]} 20. bxc6 {[%clk 01:01:49]}
{[%emt 00:02:20]} bxc6 {[%clk 00:29:58]} {[%emt 00:00:09]} 21. c5 {[%clk
01:00:44]} {[%emt 00:01:34]} Nd7 {[%clk 00:28:44]} {[%emt 00:01:44]} 22. Re1
{[%clk 00:58:55]} {[%emt 00:02:19]} Rab8 {[%clk 00:26:43]} {[%emt 00:02:33]}
23. a3 {[%clk 00:57:40]} {[%emt 00:01:45]} Nf6 {[%clk 00:23:59]} {[%emt
00:03:14]} 24. Nf3 {[%clk 00:51:45]} {[%emt 00:06:24]} Rb3 {[%clk 00:20:55]}
{[%emt 00:03:33]} 25. Ne5 {[%clk 00:49:20]} {[%emt 00:02:56]} Bd5 {[%clk
00:20:01]} {[%emt 00:01:25]} 26. Bg5 {[%clk 00:45:23]} {[%emt 00:04:26]} h6
{[%clk 00:15:54]} {[%emt 00:04:37]} 27. Bxf6 {[%clk 00:45:23]} {[%emt
00:00:30]} gxf6 {[%clk 00:16:17]} {[%emt 00:00:07]} 28. Nd7 {[%clk 00:45:37]}
{[%emt 00:00:17]} Rg8 {[%clk 00:16:35]} {[%emt 00:00:11]} 29. Nxf6 {[%clk
00:43:25]} {[%emt 00:02:42]} Rxg2+ {[%clk 00:15:16]} {[%emt 00:01:50]} 30. Kf1
{[%clk 00:43:49]} {[%emt 00:00:06]} Rg5 {[%clk 00:09:02]} {[%emt 00:06:43]} 31.
Nxd5 {[%clk 00:42:33]} {[%emt 00:01:47]} Rxd5 {[%clk 00:09:26]} {[%emt
00:00:05]} 32. Re3 {[%clk 00:41:45]} {[%emt 00:01:18]} Rb2 {[%clk 00:07:41]}
{[%emt 00:02:16]} 33. Rd1 {[%clk 00:37:58]} {[%emt 00:04:16]} Rf5 {[%clk
00:07:51]} {[%emt 00:00:20]} 34. Kg2 {[%clk 00:35:30]} {[%emt 00:02:56]} Rfxf2+
{[%clk 00:06:53]} {[%emt 00:01:30]} 35. Kg3 {[%clk 00:35:53]} {[%emt 00:00:08]}
Rf5 {[%clk 00:02:51]} {[%emt 00:04:31]} 36. Rf3 {[%clk 00:34:21]} {[%emt
00:02:01]} Rxf3+ {[%clk 00:02:08]} {[%emt 00:01:14]} 37. Kxf3 {[%clk 00:34:46]}
{[%emt 00:00:04]} Rb3+ {[%clk 00:02:36]} {[%emt 00:00:02]} 38. Kg4 {[%clk
00:35:00]} {[%emt 00:00:15]} Rxa3 {[%clk 00:02:49]} {[%emt 00:00:18]} 39. d5
{[%clk 00:34:49]} {[%emt 00:00:41]} cxd5 {[%clk 00:02:42]} {[%emt 00:00:38]}
40. Rc1 {[%clk 00:34:14]} {[%emt 00:01:05]} Re3 {[%clk 00:02:09]} {[%emt
00:01:03]} 41. c6 {[%clk 00:34:30]} {[%emt 00:00:13]} Re8 {[%clk 00:01:48]}
{[%emt 00:00:51]} 42. c7 {[%clk 00:34:50]} {[%emt 00:00:10]} Rc8 {[%clk
00:02:13]} {[%emt 00:00:05]} 43. Kf5 {[%clk 00:35:14]} {[%emt 00:00:07]} Kg7
{[%clk 00:19:58]} {[%emt 00:12:45]} 44. Ke5 {[%clk 01:05:37]} {[%emt 00:00:07]}
Kg6 {[%clk 00:19:03]} {[%emt 00:01:25]} 45. Kxd5 {[%clk 01:06:00]} {[%emt
00:00:07]} Kg5 {[%clk 00:18:26]} {[%emt 00:01:07]} 46. Rc4 {[%clk 01:06:03]}
{[%emt 00:00:27]} f5 {[%clk 00:08:15]} {[%emt 00:10:42]} 47. Kd6 {[%clk
01:06:17]} {[%emt 00:00:15]} f4 {[%clk 00:07:36]} {[%emt 00:01:10]} 48. Kd7
{[%clk 01:06:25]} {[%emt 00:00:22]} Rxc7+ {[%clk 00:07:19]} {[%emt 00:00:46]}
49. Rxc7 {[%clk 01:05:55]} {[%emt 00:01:01]} f3 {[%clk 00:06:08]} {[%emt
00:01:41]} 50. Rxa7 {[%clk 01:06:03]} {[%emt 00:00:22]} f2 {[%clk 00:04:03]}
{[%emt 00:02:35]} 51. Ra1 {[%clk 01:06:23]} {[%emt 00:00:10]} Kh4 {[%clk
00:04:15]} {[%emt 00:00:18]} 52. Rh1 {[%clk 01:04:53]} {[%emt 00:02:00]} Kg3
{[%clk 00:02:18]} {[%emt 00:02:27]} 53. h4 {[%clk 01:05:07]} {[%emt 00:00:15]}
h5 {[%clk 00:01:33]} {[%emt 00:01:16]} 54. Ke6 {[%clk 01:05:25]} {[%emt
00:00:12]} Kg2 {[%clk 00:01:35]} {[%emt 00:00:28]} 55. Rc1 {[%clk 01:05:34]}
{[%emt 00:00:21]} Kg3 {[%clk 00:01:50]} {[%emt 00:00:15]} 56. Kf5 {[%clk
01:05:32]} {[%emt 00:00:32]} Kxh4 {[%clk 00:01:48]} {[%emt 00:00:32]} 57. Kf4
{[%clk 01:05:57]} {[%emt 00:00:05]} Kh3 {[%clk 00:02:14]} {[%emt 00:00:04]} 58.
Kf3 {[%clk 01:06:18]} {[%emt 00:00:09]} Kh2 {[%clk 00:02:31]} {[%emt 00:00:12]}
59. Kxf2 {[%clk 01:06:40]} {[%emt 00:00:09]} h4 {[%clk 00:02:56]} {[%emt
00:00:05]} 60. Kf3 {[%clk 01:06:51]} {[%emt 00:00:19]} h3 {[%clk 00:03:19]}
{[%emt 00:00:07]} 61. Rc2+ {[%clk 01:07:07]} {[%emt 00:00:14]} Kg1 {[%clk
00:03:17]} {[%emt 00:00:31]} 62. Kg3 {[%clk 01:07:23]} {[%emt 00:00:15]} 1-0

[Event "DEM U14w 2024"]
[Site "Willingen GER"]
[Date "2024.05.21"]
[Round "4"]
[White "Trunz, Tamila"]
[Black "Wagner, Cosima Thien-An"]
[Result "1-0"]
[Termination "normal"]
[Board "2"]
[WhiteElo "1988"]
[BlackElo "1773"]
[WhiteClock "00:31:35"]
[BlackClock "00:03:09"]
[PlyCount "69"]
[WhiteFideId "16267885"]
[BlackFideId "34603484"]
[EventCountry "GER"]
[EventRounds "9"]
[EventType "swiss"]
[EventDate "2024.05.18"]

1. e4 {[%clk 01:30:57]} {[%emt 00:00:03]} c5 {[%clk 01:30:57]} {[%emt
00:00:04]} 2. Nf3 {[%clk 01:31:14]} {[%emt 00:00:12]} g6 {[%clk 01:31:23]}
{[%emt 00:00:04]} 3. d4 {[%clk 01:31:30]} {[%emt 00:00:13]} cxd4 {[%clk
01:31:51]} {[%emt 00:00:03]} 4. Nxd4 {[%clk 01:31:52]} {[%emt 00:00:08]} Bg7
{[%clk 01:32:19]} {[%emt 00:00:02]} 5. c4 {[%clk 01:32:08]} {[%emt 00:00:14]}
Nc6 {[%clk 01:32:44]} {[%emt 00:00:05]} 6. Be3 {[%clk 01:32:16]} {[%emt
00:00:21]} Nf6 {[%clk 01:33:11]} {[%emt 00:00:04]} 7. Nc3 {[%clk 01:32:33]}
{[%emt 00:00:11]} Ng4 {[%clk 01:33:36]} {[%emt 00:00:06]} 8. Qxg4 {[%clk
01:32:03]} {[%emt 00:01:01]} Nxd4 {[%clk 01:34:00]} {[%emt 00:00:07]} 9. Qd1
{[%clk 01:31:55]} {[%emt 00:00:35]} Ne6 {[%clk 01:34:26]} {[%emt 00:00:06]} 10.
Rc1 {[%clk 01:31:28]} {[%emt 00:00:57]} Qa5 {[%clk 01:34:45]} {[%emt 00:00:10]}
11. Be2 {[%clk 01:31:33]} {[%emt 00:00:26]} b6 {[%clk 01:31:04]} {[%emt
00:04:12]} 12. O-O {[%clk 01:29:10]} {[%emt 00:02:52]} Bb7 {[%clk 01:30:26]}
{[%emt 00:01:08]} 13. Qc2 {[%clk 01:14:18]} {[%emt 00:15:22]} g5 {[%clk
01:16:59]} {[%emt 00:13:56]} 14. Nd5 {[%clk 01:11:04]} {[%emt 00:03:45]} Rc8
{[%clk 01:15:47]} {[%emt 00:01:42]} 15. Bh5 {[%clk 01:01:14]} {[%emt 00:10:19]}
b5 {[%clk 00:48:50]} {[%emt 00:27:27]} 16. Qe2 {[%clk 00:57:07]} {[%emt
00:04:37]} bxc4 {[%clk 00:36:34]} {[%emt 00:12:47]} 17. Qf3 {[%clk 00:56:18]}
{[%emt 00:01:18]} Rf8 {[%clk 00:35:09]} {[%emt 00:01:56]} 18. Qf5 {[%clk
00:54:50]} {[%emt 00:01:57]} Qxa2 {[%clk 00:26:40]} {[%emt 00:09:00]} 19. Bxg5
{[%clk 00:47:39]} {[%emt 00:07:41]} Bxd5 {[%clk 00:20:57]} {[%emt 00:06:13]}
20. exd5 {[%clk 00:47:15]} {[%emt 00:00:54]} Nxg5 {[%clk 00:21:09]} {[%emt
00:00:18]} 21. Qxg5 {[%clk 00:47:11]} {[%emt 00:00:33]} Qxb2 {[%clk 00:19:40]}
{[%emt 00:01:59]} 22. Rfe1 {[%clk 00:46:09]} {[%emt 00:01:32]} Qf6 {[%clk
00:19:11]} {[%emt 00:00:59]} 23. Qg3 {[%clk 00:45:41]} {[%emt 00:00:58]} Kd8
{[%clk 00:15:33]} {[%emt 00:04:09]} 24. Qa3 {[%clk 00:38:30]} {[%emt 00:07:40]}
a6 {[%clk 00:11:39]} {[%emt 00:04:25]} 25. Qa5+ {[%clk 00:37:20]} {[%emt
00:01:39]} Ke8 {[%clk 00:11:38]} {[%emt 00:00:31]} 26. Qb4 {[%clk 00:37:18]}
{[%emt 00:00:32]} c3 {[%clk 00:10:47]} {[%emt 00:01:21]} 27. Rxc3 {[%clk
00:37:27]} {[%emt 00:00:22]} Rd8 {[%clk 00:10:43]} {[%emt 00:00:34]} 28. Rf3
{[%clk 00:36:53]} {[%emt 00:01:04]} Qg5 {[%clk 00:10:07]} {[%emt 00:01:05]} 29.
Rf5 {[%clk 00:36:29]} {[%emt 00:00:53]} Bc3 {[%clk 00:07:50]} {[%emt 00:02:48]}
30. Qe4 {[%clk 00:34:55]} {[%emt 00:02:04]} Qf6 {[%clk 00:04:28]} {[%emt
00:03:53]} 31. Rxf6 {[%clk 00:35:16]} {[%emt 00:00:10]} Bxf6 {[%clk 00:04:55]}
{[%emt 00:00:03]} 32. Qf3 {[%clk 00:32:21]} {[%emt 00:03:25]} Bg5 {[%clk
00:04:15]} {[%emt 00:01:09]} 33. Re5 {[%clk 00:31:31]} {[%emt 00:01:20]} Bc1
{[%clk 00:03:12]} {[%emt 00:01:34]} 34. Qf6 {[%clk 00:31:26]} {[%emt 00:00:34]}
Ba3 {[%clk 00:03:09]} {[%emt 00:00:33]} 35. d6 {[%clk 00:31:35]} {[%emt
00:00:21]} 1-0

[Event "DEM U14w 2024"]
[Site "Willingen GER"]
[Date "2024.05.21"]
[Round "4"]
[White "Halas, Neele Zoe"]
[Black "Dodul, Alice"]
[Result "1/2-1/2"]
[Termination "normal"]
[Board "3"]
[WhiteElo "1689"]
[BlackElo "1656"]
[WhiteClock "00:00:45"]
[BlackClock "00:06:37"]
[PlyCount "77"]
[WhiteFideId "16287282"]
[BlackFideId "34623817"]
[EventCountry "GER"]
[EventRounds "9"]
[EventType "swiss"]
[EventDate "2024.05.18"]

1. e4 {[%clk 01:30:59]} e5 {[%clk 01:30:58]} {[%emt 00:00:03]} 2. Nf3 {[%clk
01:31:22]} {[%emt 00:00:06]} Nc6 {[%clk 01:31:24]} {[%emt 00:00:05]} 3. Bb5
{[%clk 01:31:48]} {[%emt 00:00:04]} f5 {[%clk 01:31:49]} {[%emt 00:00:04]} 4.
d3 {[%clk 01:32:08]} {[%emt 00:00:09]} fxe4 {[%clk 01:32:15]} {[%emt 00:00:05]}
5. dxe4 {[%clk 01:32:33]} {[%emt 00:00:05]} Nf6 {[%clk 01:32:38]} {[%emt
00:00:07]} 6. O-O {[%clk 01:32:30]} {[%emt 00:00:32]} d6 {[%clk 01:33:02]}
{[%emt 00:00:06]} 7. Qd3 {[%clk 01:32:23]} {[%emt 00:00:37]} Be7 {[%clk
01:33:08]} {[%emt 00:00:24]} 8. Qc4 {[%clk 01:31:44]} {[%emt 00:01:08]} a6
{[%clk 01:27:35]} {[%emt 00:06:04]} 9. Bxc6+ {[%clk 01:25:28]} {[%emt
00:06:46]} bxc6 {[%clk 01:27:54]} {[%emt 00:00:11]} 10. Ng5 {[%clk 01:23:57]}
{[%emt 00:02:01]} d5 {[%clk 01:25:51]} {[%emt 00:02:34]} 11. Qxc6+ {[%clk
01:19:50]} {[%emt 00:04:36]} Bd7 {[%clk 01:24:30]} {[%emt 00:01:50]} 12. Qc3
{[%clk 01:19:45]} {[%emt 00:00:36]} h6 {[%clk 01:20:20]} {[%emt 00:04:40]} 13.
Nf3 {[%clk 01:17:51]} {[%emt 00:02:23]} Nxe4 {[%clk 01:19:54]} {[%emt
00:00:57]} 14. Qxe5 {[%clk 01:17:24]} {[%emt 00:00:57]} Nf6 {[%clk 01:19:59]}
{[%emt 00:00:25]} 15. Re1 {[%clk 01:16:52]} {[%emt 00:01:02]} Kf7 {[%clk
01:05:27]} {[%emt 00:15:02]} 16. Qd4 {[%clk 01:11:07]} {[%emt 00:06:14]} Re8
{[%clk 01:02:30]} {[%emt 00:03:27]} 17. Ne5+ {[%clk 01:06:29]} {[%emt
00:05:09]} Kg8 {[%clk 01:02:09]} {[%emt 00:00:50]} 18. Bf4 {[%clk 01:00:41]}
{[%emt 00:06:18]} Bf5 {[%clk 00:58:42]} {[%emt 00:03:57]} 19. Nc3 {[%clk
00:52:12]} {[%emt 00:09:00]} c5 {[%clk 00:52:09]} {[%emt 00:07:04]} 20. Qd1
{[%clk 00:45:51]} {[%emt 00:06:50]} Bf8 {[%clk 00:43:32]} {[%emt 00:09:07]} 21.
h3 {[%clk 00:38:42]} {[%emt 00:07:39]} d4 {[%clk 00:38:46]} {[%emt 00:05:16]}
22. Ne2 {[%clk 00:37:53]} {[%emt 00:01:18]} Nd5 {[%clk 00:36:30]} {[%emt
00:02:46]} 23. g4 {[%clk 00:34:14]} {[%emt 00:04:09]} Nxf4 {[%clk 00:32:04]}
{[%emt 00:04:56]} 24. Nxf4 {[%clk 00:34:37]} {[%emt 00:00:07]} Qg5 {[%clk
00:32:08]} {[%emt 00:00:27]} 25. Ng2 {[%clk 00:34:25]} {[%emt 00:00:42]} Bxc2
{[%clk 00:28:59]} {[%emt 00:03:39]} 26. Qf3 {[%clk 00:25:38]} {[%emt 00:09:17]}
Ra7 {[%clk 00:23:25]} {[%emt 00:06:04]} 27. Qd5+ {[%clk 00:25:31]} {[%emt
00:00:36]} Kh7 {[%clk 00:22:55]} {[%emt 00:01:01]} 28. f4 {[%clk 00:24:28]}
{[%emt 00:01:34]} Qf6 {[%clk 00:22:13]} {[%emt 00:01:11]} 29. Nd7 {[%clk
00:22:33]} {[%emt 00:02:26]} Rxe1+ {[%clk 00:21:20]} {[%emt 00:01:23]} 30. Rxe1
{[%clk 00:22:55]} {[%emt 00:00:08]} Qd6 {[%clk 00:21:04]} {[%emt 00:00:45]} 31.
Nxf8+ {[%clk 00:22:50]} {[%emt 00:00:35]} Qxf8 {[%clk 00:21:07]} {[%emt
00:00:28]} 32. f5 {[%clk 00:15:40]} {[%emt 00:07:39]} Re7 {[%clk 00:18:05]}
{[%emt 00:03:32]} 33. Re6 {[%clk 00:12:51]} {[%emt 00:03:19]} Rxe6 {[%clk
00:15:04]} {[%emt 00:03:32]} 34. fxe6 {[%clk 00:12:44]} {[%emt 00:00:36]} Bg6
{[%clk 00:11:41]} {[%emt 00:03:53]} 35. Nh4 {[%clk 00:11:11]} {[%emt 00:02:03]}
Qf4 {[%clk 00:08:56]} {[%emt 00:03:15]} 36. Nf5 {[%clk 00:04:07]} {[%emt
00:07:35]} Qc1+ {[%clk 00:07:07]} {[%emt 00:02:19]} 37. Kf2 {[%clk 00:02:15]}
{[%emt 00:02:22]} Qxb2+ {[%clk 00:06:47]} {[%emt 00:00:49]} 38. Kf3 {[%clk
00:02:17]} {[%emt 00:00:28]} Qc3+ {[%clk 00:06:37]} {[%emt 00:00:40]} 39. Kf4
{[%clk 00:00:45]} {[%emt 00:02:03]} 1/2-1/2

[Event "DEM U14w 2024"]
[Site "Willingen GER"]
[Date "2024.05.21"]
[Round "4"]
[White "Gold, Finnja"]
[Black "Kopylov, Diana"]
[Result "0-1"]
[Termination "normal"]
[Board "4"]
[WhiteElo "1484"]
[BlackElo "1887"]
[WhiteClock "00:43:44"]
[BlackClock "00:14:34"]
[PlyCount "88"]
[WhiteFideId "34660453"]
[BlackFideId "16268865"]
[EventCountry "GER"]
[EventRounds "9"]
[EventType "swiss"]
[EventDate "2024.05.18"]

1. e4 {[%clk 01:30:58]} {[%emt 00:00:01]} e6 {[%clk 01:30:47]} {[%emt
00:00:13]} 2. d4 {[%clk 01:31:21]} {[%emt 00:00:07]} d5 {[%clk 01:31:12]}
{[%emt 00:00:05]} 3. Bd3 {[%clk 01:31:44]} {[%emt 00:00:07]} dxe4 {[%clk
01:31:33]} {[%emt 00:00:09]} 4. Bxe4 {[%clk 01:32:02]} {[%emt 00:00:12]} Nf6
{[%clk 01:31:57]} {[%emt 00:00:06]} 5. Bf3 {[%clk 01:32:24]} {[%emt 00:00:08]}
c5 {[%clk 01:32:18]} {[%emt 00:00:09]} 6. Ne2 {[%clk 01:31:59]} {[%emt
00:00:56]} Nc6 {[%clk 01:32:24]} {[%emt 00:00:23]} 7. Be3 {[%clk 01:32:10]}
{[%emt 00:00:20]} cxd4 {[%clk 01:32:20]} {[%emt 00:00:34]} 8. Nxd4 {[%clk
01:32:27]} {[%emt 00:00:13]} Ne5 {[%clk 01:32:34]} {[%emt 00:00:15]} 9. Be2
{[%clk 01:28:55]} {[%emt 00:04:02]} Be7 {[%clk 01:32:17]} {[%emt 00:00:46]} 10.
O-O {[%clk 01:27:21]} {[%emt 00:02:05]} O-O {[%clk 01:30:12]} {[%emt 00:02:35]}
11. Nc3 {[%clk 01:27:20]} {[%emt 00:00:31]} Qc7 {[%clk 01:27:36]} {[%emt
00:03:06]} 12. Ndb5 {[%clk 01:21:34]} {[%emt 00:06:17]} Qb8 {[%clk 01:26:56]}
{[%emt 00:01:10]} 13. a4 {[%clk 01:13:05]} {[%emt 00:08:58]} Rd8 {[%clk
01:21:12]} {[%emt 00:06:13]} 14. Qc1 {[%clk 01:12:24]} {[%emt 00:01:13]} a6
{[%clk 01:19:04]} {[%emt 00:02:37]} 15. Na3 {[%clk 01:12:22]} {[%emt 00:00:31]}
Bd7 {[%clk 01:13:49]} {[%emt 00:05:45]} 16. Nc4 {[%clk 01:05:51]} {[%emt
00:07:02]} Nxc4 {[%clk 01:07:15]} {[%emt 00:07:04]} 17. Bxc4 {[%clk 01:06:10]}
{[%emt 00:00:11]} Bd6 {[%clk 01:04:00]} {[%emt 00:03:45]} 18. h3 {[%clk
01:01:20]} {[%emt 00:05:20]} Qc7 {[%clk 01:00:17]} {[%emt 00:04:12]} 19. b3
{[%clk 00:57:51]} {[%emt 00:04:00]} Be5 {[%clk 00:55:26]} {[%emt 00:05:19]} 20.
Qe1 {[%clk 00:55:47]} {[%emt 00:02:35]} Bxc3 {[%clk 00:34:20]} {[%emt
00:21:37]} 21. Qxc3 {[%clk 00:54:18]} {[%emt 00:01:59]} b5 {[%clk 00:33:04]}
{[%emt 00:01:45]} 22. a5 {[%clk 00:51:21]} {[%emt 00:03:28]} Rdc8 {[%clk
00:28:09]} {[%emt 00:05:25]} 23. Bb6 {[%clk 00:49:47]} {[%emt 00:02:04]} Qc6
{[%clk 00:25:46]} {[%emt 00:02:52]} 24. Rad1 {[%clk 00:49:03]} {[%emt
00:01:15]} bxc4 {[%clk 00:23:34]} {[%emt 00:02:42]} 25. Bd4 {[%clk 00:47:49]}
{[%emt 00:01:44]} Nd5 {[%clk 00:21:34]} {[%emt 00:02:29]} 26. Qg3 {[%clk
00:47:49]} {[%emt 00:00:30]} f6 {[%clk 00:20:31]} {[%emt 00:01:33]} 27. Bb2
{[%clk 00:47:29]} {[%emt 00:00:50]} e5 {[%clk 00:18:07]} {[%emt 00:02:55]} 28.
Bc1 {[%clk 00:47:28]} {[%emt 00:00:31]} Kh8 {[%clk 00:14:52]} {[%emt 00:03:42]}
29. bxc4 {[%clk 00:45:21]} {[%emt 00:02:40]} Qxc4 {[%clk 00:14:18]} {[%emt
00:01:03]} 30. h4 {[%clk 00:45:33]} {[%emt 00:00:18]} Nc3 {[%clk 00:12:16]}
{[%emt 00:02:32]} 31. Rd2 {[%clk 00:43:59]} {[%emt 00:02:04]} Ne2+ {[%clk
00:12:06]} {[%emt 00:00:40]} 32. Rxe2 {[%clk 00:44:08]} {[%emt 00:00:22]} Qxe2
{[%clk 00:12:27]} {[%emt 00:00:07]} 33. c3 {[%clk 00:44:03]} {[%emt 00:00:36]}
Bb5 {[%clk 00:12:29]} {[%emt 00:00:28]} 34. h5 {[%clk 00:43:36]} {[%emt
00:00:58]} Qxf1+ {[%clk 00:12:47]} {[%emt 00:00:12]} 35. Kh2 {[%clk 00:43:48]}
{[%emt 00:00:18]} Qxc1 {[%clk 00:13:07]} {[%emt 00:00:10]} 36. c4 {[%clk
00:43:17]} {[%emt 00:01:01]} Rxc4 {[%clk 00:13:03]} {[%emt 00:00:34]} 37. f4
{[%clk 00:43:01]} {[%emt 00:00:45]} Qxf4 {[%clk 00:13:09]} {[%emt 00:00:25]}
38. Qxf4 {[%clk 00:43:09]} {[%emt 00:00:21]} Rxf4 {[%clk 00:13:32]} {[%emt
00:00:07]} 39. h6 {[%clk 00:43:13]} {[%emt 00:00:27]} gxh6 {[%clk 00:13:44]}
{[%emt 00:00:17]} 40. Kg3 {[%clk 00:43:15]} {[%emt 00:00:29]} Rg8+ {[%clk
00:13:58]} {[%emt 00:00:15]} 41. Kh3 {[%clk 00:42:54]} {[%emt 00:00:52]} Bf1
{[%clk 00:14:06]} {[%emt 00:00:21]} 42. Kh2 {[%clk 00:43:13]} {[%emt 00:00:11]}
Rxg2+ {[%clk 00:14:05]} {[%emt 00:00:32]} 43. Kh3 {[%clk 00:43:31]} {[%emt
00:00:12]} Rg5+ {[%clk 00:14:10]} {[%emt 00:00:24]} 44. Kh2 {[%clk 00:43:44]}
{[%emt 00:00:18]} Rh4# {[%clk 00:14:34]} {[%emt 00:00:05]} 0-1